[Event "AUTO-MASTER-3110"]
[Site "http://www.queenalice.com/game.php?id=1789596"]
[Date "2022.5.26"]
[Round "1"]
[White "leeroy"]
[Black "Holanda76"]
[Result "0-1"]
[WhiteElo "2027"]
[BlackElo "2315"]

1. d4 Nf6 2. c4 e6 3. Bg5 h6 4. Bh4 Bb4+ 5. Nc3 c5 6. Bxf6 Qxf6 7. e3 d6 8. Ne2
O-O 9. g3 Qf3 10. Rg1 Nc6 11. Bg2 Qf6 12. Kf1 Bxc3 13. bxc3 e5 14. d5 Na5 15.
Qd3 b6 16. Ke1 Qe7 17. e4 f5 18. Nc1 Qf7 19. f3 fxe4 20. Qxe4 Bf5 21. Qe2 e4 22.
fxe4 Bg4 23. Qc2 Nxc4 24. Nd3 g5 25. Rc1 Rae8 26. Rf1 Rxe4+ 0-1

[Event "AUTO-MASTER-3110"]
[Site "http://www.queenalice.com/game.php?id=1789607"]
[Date "2022.5.26"]
[Round "1"]
[White "manasses"]
[Black "leeroy"]
[Result "0-1"]
[WhiteElo "2215"]
[BlackElo "2092"]

1. d4 d5 2. c4 dxc4 3. e4 b5 4. Nc3 a6 5. Bf4 e6 6. Nf3 Bb4 7. Be2 h6 8. O-O Bb7
9. Qc2 Bxc3 10. bxc3 Nf6 11. e5 Nh5 12. Be3 g6 13. a4 Nc6 14. Rfb1 Na7 15. axb5
axb5 16. Bxc4 Bxf3 17. gxf3 bxc4 18. d5 Qxd5 19. Qa4+ Kf8 20. Qb4+ Kg7 21. Rxa7
Rab8 22. Rb7 Rbc8 23. f4 Qe4 24. Qe7 Qf3 25. Rxc7 Rcf8 26. Qxe6 Kg8 27. Qxc4
Qg4+ 28. Kf1 Qh3+ 29. Ke1 Qf3 30. Rbb7 Rh7 31. e6 Nf6 32. Rxf7 Rhxf7 33. Rxf7
Rd8 34. Rd7 Re8 35. e7+ Kg7 36. Bd4 Qe4+ 37. Qe2 Qb1+ 38. Kd2 Qa2+ 39. Kd3 Qa6+
40. c4 Qa3+ 41. Bc3 Kf7 42. Rd6 Qxd6+ 0-1

[Event "AUTO-MASTER-3110"]
[Site "http://www.queenalice.com/game.php?id=1789608"]
[Date "2022.5.26"]
[Round "1"]
[White "leeroy"]
[Black "manasses"]
[Result "0-1"]
[WhiteElo "2114"]
[BlackElo "2198"]

1. c4 Nf6 2. Nc3 e6 3. a3 d5 4. cxd5 exd5 5. d4 Be7 6. Bf4 O-O 7. h3 Be6 8. e3
c6 9. Bd3 Nbd7 10. Nf3 c5 11. Qb1 c4 12. Bc2 Nb6 13. Be5 h6 14. Nh2 Nbd7 15. Bg3
Nh5 16. Ne2 Nxg3 17. fxg3 Re8 18. Ba4 a6 19. Nf4 Bd6 20. O-O b5 21. Bd1 Nf6 22.
Nxe6 Rxe6 23. Rf3 Ne4 24. Nf1 Qc7 25. g4 Rae8 26. Qc2 Ng5 27. Rf5 g6 28. Rxd5
Qc6 29. Rxg5 hxg5 30. Bf3 Qc7 31. d5 R6e7 32. Qc3 Be5 33. Qd2 c3 34. Qd3 cxb2
35. Rb1 Qc4 36. Qd2 Qc3 37. Qxc3 Bxc3 38. e4 Rc8 39. Ng3 Bd4+ 40. Kh2 Rc1 0-1

[Event "AUTO-MASTER-3110"]
[Site "http://www.queenalice.com/game.php?id=1789615"]
[Date "2022.5.26"]
[Round "1"]
[White "leeroy"]
[Black "JUNIOR2"]
[Result "0-1"]
[WhiteElo "2050"]
[BlackElo "2288"]

1. Nc3 d5 2. d4 Nf6 3. Bg5 Nbd7 4. Nf3 e6 5. a3 Be7 6. Nb5 a6 7. Nc3 h6 8. Bh4
c5 9. e3 b5 10. Nd2 Bb7 11. dxc5 Nxc5 12. b4 d4 13. Ncb1 dxe3 14. fxe3 Na4 15.
Bd3 Bxg2 16. Rg1 Bb7 17. Rxg7 Qc7 18. Bg3 Qc6 19. e4 Bf8 20. Rg4 Nb2 21. Qe2
Nxd3+ 22. Kf1 Nc1 23. Qf3 Nxg4 24. Qxg4 Qxc2 25. Be5 h5 26. Qf3 Rg8 27. a4 Bxb4
28. Bf4 Bxe4 29. Nxe4 Qc4+ 30. Kf2 Be1+ 31. Kxe1 Rg1+ 0-1

[Event "AUTO-MASTER-3110"]
[Site "http://www.queenalice.com/game.php?id=1789616"]
[Date "2022.5.26"]
[Round "1"]
[White "JUNIOR2"]
[Black "leeroy"]
[Result "1-0"]
[WhiteElo "2272"]
[BlackElo "2021"]

1. e4 b6 2. d4 Bb7 3. Bd3 e6 4. Nf3 h6 5. O-O Nf6 6. e5 Nd5 7. c4 Nb4 8. Be2
N4c6 9. d5 exd5 10. cxd5 Nb4 11. Nc3 Be7 12. a3 N4a6 13. Nd4 g6 14. Bc4 Nc5 15.
b4 Nca6 16. Ne4 Bxd5 17. Bxd5 c6 18. Bb3 Nc7 19. f4 Ne6 20. f5 gxf5 21. Nxf5 d5
22. exd6 Bf6 23. Qh5 Qd7 24. Nxf6+ 1-0

[Event "AUTO-MASTER-3115"]
[Site "http://www.queenalice.com/game.php?id=1792092"]
[Date "2022.7.7"]
[Round "1"]
[White "tariann"]
[Black "leeroy"]
[Result "1-0"]
[WhiteElo "2262"]
[BlackElo "2095"]

1. e4 c5 2. Nf3 d6 3. d4 Bg4 4. dxc5 Bxf3 5. Qxf3 Qa5+ 6. Nc3 Qxc5 7. Bb5+ Nc6
8. O-O Nf6 9. Be3 Qh5 10. Qxh5 Nxh5 11. Nd5 Kd8 12. Rad1 Ne5 13. f4 Ng4 14. Bc1
Ngf6 15. e5 Nxd5 16. Rxd5 g6 17. Bd2 Kc7 18. exd6+ exd6 19. Bc3 Ng7 20. Rfd1 Rg8
21. Bd3 Ne6 22. f5 Nf4 23. fxg6 Nxd5 24. gxh7 Bg7 25. hxg8=Q Rxg8 26. Bxg7 Rxg7
27. Be4 Nf6 28. Bf3 Nd7 29. Kf2 Ne5 30. h3 b6 31. Bd5 b5 32. Rd4 Rg6 33. Rf4 f6
34. Rh4 Kb6 35. Rh8 a5 36. Rg8 Rg5 37. Rxg5 fxg5 38. g3 Kc7 39. Ke3 Ng6 40. Bf7
Ne7 41. Kf3 Nf5 42. Bg6 Nh6 43. h4 gxh4 44. gxh4 Kd7 45. Kf4 Ke6 46. Kg5 Ng8 47.
h5 Ke5 48. Bf7 Nf6 49. h6 b4 50. Bg6 a4 51. h7 Nxh7+ 52. Bxh7 Kd4 53. Kf4 a3 54.
bxa3 bxa3 55. Bg8 Kc3 56. Bb3 Kd4 57. Kf3 d5 58. Ke2 Kc3 59. Kd1 d4 60. Ke2 1-0

[Event "AUTO-MASTER-3115"]
[Site "http://www.queenalice.com/game.php?id=1792093"]
[Date "2022.7.7"]
[Round "1"]
[White "leeroy"]
[Black "tariann"]
[Result "1/2-1/2"]
[WhiteElo "2110"]
[BlackElo "2254"]

1. Nf3 d5 2. b3 c5 3. Bb2 Nc6 4. h3 e6 5. e3 Nf6 6. Bb5 Be7 7. Bxc6+ bxc6 8. Ne5
Qc7 9. Ng4 O-O 10. Nxf6+ Bxf6 11. Bxf6 gxf6 12. Qf3 f5 13. Nc3 e5 14. h4 d4 15.
Ne2 Kh8 16. Qh5 Qd6 17. Rh3 f4 18. Rh1 Qf6 19. e4 Be6 20. Qf3 c4 21. bxc4 Bxc4
22. d3 Be6 23. g4 Qe7 24. a3 Rab8 25. Kd2 Rb2 26. g5 Qc5 27. Rhc1 Bb3 28. Ke1
Rxc2 29. Qh5 Qe7 30. Rxc2 Bxc2 31. Kd2 Ba4 32. Ke1 Rb8 33. Ng1 Rb2 34. Qh6 Rb8
35. Nf3 c5 36. Qf6+ Qxf6 37. gxf6 Rb6 38. Nxe5 Rxf6 39. Rc1 Kg7 40. Rxc5 Ra6 41.
Rc4 f6 42. Rc7+ Kh6 43. Nf3 Bb5 44. Nxd4 Bxd3 45. Nf5+ Kh5 46. f3 Rxa3 47. Rxh7+
Kg6 48. Rg7+ Kh5 49. Rh7+ Kg6 1/2-1/2

[Event "AUTO-MASTER-3115"]
[Site "http://www.queenalice.com/game.php?id=1792108"]
[Date "2022.7.7"]
[Round "1"]
[White "Jailt0nMendes"]
[Black "leeroy"]
[Result "0-1"]
[WhiteElo "2073"]
[BlackElo "2041"]

1. e4 e5 2. Nf3 d6 3. d4 Bg4 4. dxe5 Bxf3 5. Qxf3 dxe5 6. Bc4 Qf6 7. Qb3 b6 8.
Bg5 Qg6 9. Nc3 c6 10. Rd1 Be7 11. Bxe7 Nxe7 12. O-O O-O 13. f4 b5 14. Be2 Na6
15. Qa3 b4 16. Qxa6 bxc3 17. f5 Qg5 18. f6 gxf6 0-1

[Event "AUTO-MASTER-3115"]
[Site "http://www.queenalice.com/game.php?id=1792109"]
[Date "2022.7.7"]
[Round "1"]
[White "leeroy"]
[Black "Jailt0nMendes"]
[Result "0-1"]
[WhiteElo "2107"]
[BlackElo "2137"]

1. c4 c5 2. Nc3 Nf6 3. Nf3 e6 4. e4 d5 5. cxd5 exd5 6. e5 Ne4 7. Bd3 Nxc3 8.
bxc3 Nc6 9. Ba3 Bg4 10. Bb5 Qc7 11. Bxc6+ Qxc6 12. h3 Bh5 13. g4 Bg6 14. d3 Be7
15. O-O O-O 16. d4 Rfe8 17. Rb1 Bxb1 18. Qxb1 c4 19. Bc1 a5 20. Ng5 Bxg5 21.
Bxg5 f6 22. Bf4 fxe5 23. Bxe5 b5 24. f4 Ra7 25. Qf5 b4 26. Qc2 Rb7 27. h4 b3 28.
Qb2 bxa2 29. Qxa2 a4 30. Ra1 Qg6 31. g5 Qd3 32. Qxa4 Qg3+ 33. Kf1 Rf8 34. Bd6
Rb2 0-1

[Event "AUTO-MASTER-3115"]
[Site "http://www.queenalice.com/game.php?id=1792118"]
[Date "2022.7.7"]
[Round "1"]
[White "mvson33"]
[Black "leeroy"]
[Result "0-1"]
[WhiteElo "1987"]
[BlackElo "2036"]

1. e4 b6 2. d4 Bb7 3. Nc3 Nf6 4. Bd3 h6 5. Nf3 e6 6. O-O Bb4 7. e5 Bxc3 8. bxc3
Nd5 9. Bb2 Nf4 10. Qd2 Bxf3 0-1

[Event "AUTO-MASTER-3115"]
[Site "http://www.queenalice.com/game.php?id=1792119"]
[Date "2022.7.7"]
[Round "1"]
[White "leeroy"]
[Black "mvson33"]
[Result "1-0"]
[WhiteElo "2105"]
[BlackElo "1992"]

1. c4 Nf6 2. d4 d5 3. e3 e6 4. c5 Be7 5. Bd3 O-O 6. Nf3 Nc6 7. a3 Bd7 8. Qc2 Rc8
9. Ng5 h6 10. Nh3 e5 11. dxe5 Nxe5 12. Be2 c6 13. b4 Re8 14. Bb2 Bf8 15. Bd4 Qc7
16. Nf4 Be7 17. Nd2 Bg4 18. f3 Bd7 19. Qb2 Ng6 20. Nd3 Nf8 21. Ne5 Bf5 22. g4
Bh7 23. Nf1 N8d7 24. Ng3 Nxe5 25. Bxe5 Qd7 26. Nh5 Qd8 27. Rg1 Bg6 28. f4 Bxh5
29. gxh5 Kh8 30. Bf3 Rg8 31. Rg2 Kh7 32. Qc2+ Kh8 33. Ke2 Qe8 34. Rag1 Qf8 35.
f5 Re8 36. Bf4 Ne4 37. Bxh6 Bf6 38. Bf4 Qe7 39. h6 gxh6 40. Bxh6 Rxg2+ 41. Rxg2
Rg8 42. Rxg8+ Kxg8 43. Bxe4 Qxe4 44. Qxe4 dxe4 45. Bf4 Kg7 46. Kf2 Bb2 47. a4
Kf6 48. h4 Kxf5 49. h5 Bc3 50. b5 cxb5 51. axb5 Ke6 52. Bb8 a6 53. bxa6 bxa6 54.
c6 a5 55. Ba7 Bg7 56. Bd4 Bh6 57. Bc5 1-0

[Event "AUTO-MASTER-3123"]
[Site "http://www.queenalice.com/game.php?id=1794647"]
[Date "2022.8.20"]
[Round "1"]
[White "leeroy"]
[Black "gmxian89"]
[Result "0-1"]
[WhiteElo "2114"]
[BlackElo "2277"]

1. g3 e5 2. e4 d5 3. Bg2 dxe4 4. Bxe4 Nf6 5. Qf3 Nxe4 6. Qxe4 Nc6 7. h3 Qf6 8.
c3 Bf5 9. Qa4 Bd3 10. b4 e4 11. Ba3 b5 12. Qd1 Ne5 13. Rh2 O-O-O 14. Ne2 Nf3+
0-1

[Event "AUTO-MASTER-3123"]
[Site "http://www.queenalice.com/game.php?id=1794648"]
[Date "2022.8.20"]
[Round "1"]
[White "gmxian89"]
[Black "leeroy"]
[Result "1-0"]
[WhiteElo "2420"]
[BlackElo "2047"]

1. e4 e5 2. Nf3 d6 3. d4 exd4 4. Nxd4 c5 5. Nb3 Be6 6. Nc3 a6 7. Be2 Nc6 8. Bf4
Nf6 9. Qd2 Bxb3 10. axb3 Nd4 11. O-O-O Be7 12. g4 h6 13. h4 Nd7 14. Kb1 Bxh4 15.
Bxd6 Bg5 16. f4 Be7 17. e5 Bxd6 18. exd6 g6 19. Bc4 Nb6 20. Qe3+ Kf8 21. Ne4
Nxc4 22. bxc4 f5 23. Nxc5 1-0

[Event "AUTO-MASTER-3123"]
[Site "http://www.queenalice.com/game.php?id=1794651"]
[Date "2022.8.20"]
[Round "1"]
[White "leeroy"]
[Black "Amedeo"]
[Result "0-1"]
[WhiteElo "2086"]
[BlackElo "2204"]

1. c4 e5 2. e4 Nc6 3. Nf3 Bc5 4. Nc3 Nf6 5. a3 Ng4 6. d4 exd4 7. Nd5 d3 8. Ne3
Nxe3 9. fxe3 Be7 10. Bxd3 O-O 11. b4 Bh4+ 12. g3 Bf6 13. Ra2 d6 14. h3 Be6 15.
Qc2 Qd7 16. g4 Ne5 17. Nd4 c5 18. Nxe6 Bh4+ 19. Kd1 fxe6 20. Be2 cxb4 21. axb4
Rfc8 22. Qb3 Qc6 23. Rc2 Qxe4 24. Rf1 Rf8 25. c5 Rxf1+ 26. Bxf1 Qf3+ 27. Kd2
Qxf1 28. Qxe6+ Kh8 29. Kc3 a5 30. bxa5 Qd3+ 31. Kb2 Qb5+ 32. Qb3 Nd3+ 33. Kc3
Bf6+ 0-1

[Event "AUTO-MASTER-3123"]
[Site "http://www.queenalice.com/game.php?id=1794652"]
[Date "2022.8.20"]
[Round "1"]
[White "Amedeo"]
[Black "leeroy"]
[Result "1-0"]
[WhiteElo "2111"]
[BlackElo "2086"]

1. d4 g6 2. c4 Bg7 3. Nc3 b6 4. Nf3 Bb7 5. e4 d6 6. d5 Nd7 7. Bd3 h6 8. O-O Ne5
9. Nxe5 Bxe5 10. Re1 Bc8 11. f4 Bd4+ 12. Be3 Bg7 13. Qc2 e5 14. dxe6 Bxe6 15. f5
gxf5 16. exf5 Bd7 17. Bg5+ Ne7 18. Bxe7 Qc8 19. Bxd6+ Kd8 20. Be7+ Ke8 21. Qf2
f6 22. Bxf6+ Kf7 23. Re7+ Kf8 24. Qh4 1-0

[Event "AUTO-MASTER-3096"]
[Site "http://www.queenalice.com/game.php?id=1796962"]
[Date "2022.9.26"]
[Round "2"]
[White "leeroy"]
[Black "Marini"]
[Result "0-1"]
[WhiteElo "2051"]
[BlackElo "2339"]

1. e4 Nc6 2. Nf3 Nf6 3. Nc3 d5 4. exd5 Nxd5 5. Be2 Nf4 6. O-O Nxe2+ 7. Nxe2 Bg4
8. h3 Bxf3 9. gxf3 Qd7 10. Kg2 O-O-O 11. d3 g5 12. Be3 f5 13. Rh1 Rg8 14. Kf1
Ne5 15. Nc3 Qc6 16. Rg1 Nxf3 17. Rg2 Nh4 18. Rg1 Bg7 19. a4 Kb8 20. Ra3 Be5 0-1

[Event "AUTO-MASTER-3096"]
[Site "http://www.queenalice.com/game.php?id=1796963"]
[Date "2022.9.26"]
[Round "2"]
[White "Marini"]
[Black "leeroy"]
[Result "1-0"]
[WhiteElo "2335"]
[BlackElo "2056"]

1. e4 e5 2. Nf3 d6 3. d4 Bg4 4. dxe5 Bxf3 5. gxf3 dxe5 6. Qxd8+ Kxd8 7. Nc3 Nc6
8. Be3 a6 9. Nd5 Nb4 10. O-O-O Kc8 11. Bh3+ Kb8 12. Nxb4 Bd6 13. Nd5 Nf6 14.
Nxf6 gxf6 15. Bd7 Rd8 16. Rhg1 a5 17. Rg7 Rf8 18. Rxh7 a4 19. h4 b6 20. Bc6 Ra5
21. h5 1-0

[Event "AUTO-MASTER-3096"]
[Site "http://www.queenalice.com/game.php?id=1796964"]
[Date "2022.9.26"]
[Round "2"]
[White "leeroy"]
[Black "CCapivara"]
[Result "0-1"]
[WhiteElo "2075"]
[BlackElo "2232"]

1. c4 e5 2. e4 Nf6 3. d3 Bc5 4. h3 O-O 5. Bg5 d6 6. Nf3 Be6 7. a3 Nbd7 8. Nc3 c6
9. b4 Bb6 10. Qc1 Rc8 11. Na4 Bc7 12. Nh2 d5 13. Nc5 Nxc5 14. bxc5 dxe4 15. Bxf6
Qxf6 16. dxe4 Qg6 17. Qc2 Rfd8 18. Nf3 Ba5+ 19. Ke2 Rd7 20. g4 Rcd8 21. Ke3 h5
22. Be2 hxg4 23. hxg4 Bxg4 24. Rag1 Qe6 25. Rxg4 Qxg4 0-1

[Event "AUTO-MASTER-3096"]
[Site "http://www.queenalice.com/game.php?id=1796965"]
[Date "2022.9.26"]
[Round "2"]
[White "CCapivara"]
[Black "leeroy"]
[Result "1-0"]
[WhiteElo "2249"]
[BlackElo "2065"]

1. e4 d5 2. Nf3 dxe4 3. Ng5 e3 4. fxe3 Nh6 5. Nf3 Bg4 6. Be2 Nc6 7. O-O Qc8 8.
Nc3 e5 9. d3 Bd6 10. Ne4 Be7 11. d4 exd4 12. exd4 Nb4 13. Ne5 Be6 14. Bxh6 gxh6
15. c3 Nd5 16. Qd2 Bd6 17. c4 Ne7 18. Nf6+ Kd8 19. c5 Nd5 20. Nxd5 1-0

[Event "AUTO-MASTER-3096"]
[Site "http://www.queenalice.com/game.php?id=1796966"]
[Date "2022.9.26"]
[Round "2"]
[White "leeroy"]
[Black "rmvwoods"]
[Result "0-1"]
[WhiteElo "2029"]
[BlackElo "2054"]

1. Nf3 d5 2. d4 Nf6 3. h3 e6 4. Bg5 h6 5. Bh4 g5 6. Bg3 Ne4 7. Be5 f6 8. Bh2 Nc6
9. e3 Bd6 10. Bxd6 Qxd6 11. a3 Bd7 12. Nbd2 O-O-O 13. Nxe4 dxe4 14. Nd2 f5 15.
Nc4 Qe7 16. c3 Kb8 17. b4 Qf6 18. b5 Ne7 19. Ne5 Ng6 20. Nxd7+ Rxd7 21. Be2 Rf8
22. Rf1 Nh4 23. Rg1 f4 0-1

[Event "AUTO-MASTER-3096"]
[Site "http://www.queenalice.com/game.php?id=1796967"]
[Date "2022.9.26"]
[Round "2"]
[White "rmvwoods"]
[Black "leeroy"]
[Result "1-0"]
[WhiteElo "2038"]
[BlackElo "2045"]

1. d4 g6 2. c4 Bg7 3. e4 d6 4. Nc3 Nc6 5. Be3 Bd7 6. Nf3 h6 7. Be2 Bg4 8. h3 Bd7
9. O-O Qc8 10. Kh2 e5 11. d5 Nce7 12. Ng1 Nf6 13. f4 Nh7 14. fxe5 Bxe5+ 15. Kh1
Ng5 16. Bg4 Bxc3 17. bxc3 Nxe4 18. Qf3 f5 19. h4 h5 20. Bh3 c6 21. Rac1 Ng8 22.
Rce1 Ngf6 23. Bg5 1-0